History Quiz

Random History or City Quiz
Score 0/200 Timer 20:00
0 Plays Today
Population City % Correct
3,437,202New York
99.2%
1,698,575Chicago
97.2%
560,892Boston
95.5%
1,293,697Philadelphia
94.6%
342,782San Francisco
91.5%
278,718Washington
91.4%
102,479Los Angeles
91.2%
285,704Detroit
89%
287,104New Orleans
88.6%
508,957Baltimore
88.2%
575,238St. Louis
88%
381,768Cleveland
88%
321,616Pittsburgh
88%
133,859Denver
84.2%
169,164Indianapolis
83.3%
89,872Atlanta
82.3%
163,752Kansas City
82.2%
51,418Kansas City
82.2%
325,902Cincinnati
81.9%
42,638Dallas
81.7%
202,718Minneapolis
81.6%
352,387Buffalo
81.5%
44,633Houston
79.7%
94,151Albany
79.4%
125,560Columbus
79.3%
175,597Providence
78.1%
163,065St. Paul
78.1%
80,671Seattle
78%
285,315Milwaukee
76.3%
90,426Portland
75.9%
50,145Portland
75.9%
80,865Nashville
75.8%
204,731Louisville
74.4%
246,070Newark
74%
73,307Trenton
71.8%
102,320Memphis
70.8%
62,059Springfield
70.5%
38,253Springfield
70.5%
34,159Springfield
70.5%
23,267Springfield
70.5%
79,850Hartford
70.2%
85,050Richmond
67.6%
22,258Austin
66.4%
53,321San Antonio
65.4%
25,180Jackson
64.3%
55,807Charleston
63.9%
62,139Des Moines
63.5%
162,608Rochester
62.2%
206,433Jersey City
61.8%
50,167Harrisburg
60.6%
29,282Sacramento
60%
102,555Omaha
59.8%
53,531Salt Lake City
59.1%
108,374Syracuse
58.5%
131,822Toledo
57.7%
40,169Lincoln
57.6%
28,429Jacksonville
54.6%
38,415Birmingham
54.6%
26,369Lexington
54.6%
42,728Akron
53.7%
38,307Little Rock
52.3%
54,244Savannah
51.8%
108,027New Haven
51.1%
39,441Augusta
50.4%
26,688Fort Worth
50.3%
66,960Oakland
50.1%
39,306Honolulu
48.7%
Population City % Correct
85,333Dayton
48.7%
33,608Topeka
48.5%
102,026Scranton
48.3%
35,956Salem
47.9%
52,733Erie
47.5%
30,346Montgomery
47.2%
32,037Knoxville
46.8%
38,469Mobile
46%
76,508Wilmington
45.4%
21,500San Jose
44.3%
27,888Atlantic City
44.1%
118,421Worcester
43.4%
47,931Yonkers
42%
87,565Grand Rapids
40.8%
46,624Norfolk
40.7%
91,886Cambridge
40%
56,987Manchester
38.9%
45,115Fort Wayne
38.8%
24,671Wichita
38.7%
35,416Allentown
37.8%
70,996Bridgeport
37.7%
37,714Tacoma
36.6%
28,301Newport
35.9%
22,034Newport
35.9%
36,848Spokane
35.9%
52,969Duluth
33.2%
94,969Lowell
32.8%
75,935Camden
32.8%
44,885Youngstown
32.1%
56,100Peoria
31.3%
35,999South Bend
31.3%
51,721Wilkes-Barre
30.3%
52,130Elizabeth
30.1%
56,383Utica
29.9%
30,154Chattanooga
29.6%
78,961Reading
28.8%
59,364Hoboken
28.6%
38,878Wheeling
28.6%
24,147Aurora
28.5%
105,171Paterson
28.3%
31,051Rockford
28.1%
37,780Galveston
27.7%
25,656Cedar Rapids
27.7%
59,007Evansville
27.1%
30,667Canton
27%
21,850Bangor
26.5%
41,459Lancaster
26.4%
23,272Macon
26%
35,254Davenport
25.4%
60,651Troy
25.2%
33,111Sioux City
24.9%
33,708York
23.6%
36,252Quincy
23.2%
23,899Quincy
23.2%
104,863Fall River
23.1%
29,358Joliet
23%
62,442New Bedford
22.7%
23,201Burlington
22.4%
62,559Lawrence
22.3%
31,682Schenectady
22.1%
39,647Binghamton
21.5%
68,513Lynn
20.8%
102,979St. Joseph
20.7%
21,495Roanoke
20.6%
45,859Waterbury
20.5%
23,286Bloomington
20.3%
23,898Nashua
20%
Population City % Correct
38,973Altoona
19.7%
24,404Kalamazoo
19.5%
30,470Butte
19.4%
36,297Dubuque
19%
39,231Pawtucket
18.5%
24,029Poughkeepsie
18.5%
129,896Allegheny
18.4%
29,102Racine
18.3%
36,673Terre Haute
17.8%
33,587Newton
17.2%
29,655East St. Louis
17%
24,141Orange
16%
61,643Somerville
15.8%
33,988Chester
15.5%
35,936Johnstown
15.4%
42,345Saginaw
15.2%
40,063Brockton
15.2%
28,157Pueblo
14.7%
42,938Covington
14.4%
26,121Gloucester
14.1%
30,345Auburn
13.9%
22,802Jamestown
13.8%
26,023Joplin
13.4%
28,284Oshkosh
13.3%
21,696Watertown
13.2%
35,672Elmira
13.1%
32,722Bayonne
13.1%
25,238Easton
12.8%
28,895La Crosse
12.5%
27,777Passaic
12.1%
23,761Lewiston
12%
21,723Lima
11.9%
28,757Williamsport
11.9%
21,766Pittsfield
11.8%
45,712Holyoke
11.8%
25,802Council Bluffs
11.6%
21,228Mount Vernon
11.5%
28,204Woonsocket
11.4%
22,433Elgin
11.4%
24,535Kingston
11.2%
21,506East Orange
11.1%
21,810Petersburg
10.9%
23,914Hamilton
10.7%
31,036Taunton
10.4%
23,538Zanesville
10.4%
22,962Sheboygan
10.2%
25,998New Britain
10.1%
37,175Haverhill
10%
27,628Bay City
10%
23,481Waltham
9.9%
33,664Malden
9.8%
31,091Superior
9.8%
22,199Oswego
9.5%
24,943Newburgh
9.4%
34,072Chelsea
9.2%
22,698Clinton
9%
28,339New Castle
8.7%
31,531Fitchburg
8.1%
24,336Everett
8%
34,227McKeesport
7.2%
24,296Meriden
7.2%
26,001South Omaha
7.2%
22,265Norristown
7.1%
23,094West Hoboken
7%
24,200North Adams
6.7%
23,910Cohoes
5.6%

You're not logged in!

Compare scores with friends on all Sporcle quizzes.
OR
Log In

Sporcle TV

Today on Sporcle TV


Watch our educational content, quiz creation guides, and fun videos on Sporcle TV.

Show Comments

Extras

Top Quizzes Today


Score Distribution

Paid Content

Your Account Isn't Verified!

In order to create a playlist on Sporcle, you need to verify the email address you used during registration. Go to your Sporcle Settings to finish the process.

Report this User

Report this user for behavior that violates our Community Guidelines.

Details: